| 000 | 00377nam a2200145Ia 4500 | ||
|---|---|---|---|
| 008 | 230917s9999||||xx |||||||||||||| ||und|| | ||
| 040 |
_e3908 _aMAIN |
||
| 041 | _aEnglish | ||
| 082 | _a320.947 M615S | ||
| 100 | _aMillar, Jacob | ||
| 245 | 0 | _aSoviet Russia: An introduction | |
| 260 |
_aLondon _bHuchinson's University Library _c1955 |
||
| 300 | _aviii, 190 p. | ||
| 942 | _cBK | ||
| 999 |
_c183639 _d183639 |
||